Mobile Computing / (Record no. 190268)

000 -LEADER
fixed length control field 01895 a2200169 4500
003 - CONTROL NUMBER IDENTIFIER
control field Nust
005 - DATE AND TIME OF LATEST TRANSACTION
control field 20230802105921.0
040 ## - CATALOGING SOURCE
Transcribing agency Nust
082 ## - DEWEY DECIMAL CLASSIFICATION NUMBER
Classification number 621.38456,MOB
100 ## - MAIN ENTRY--PERSONAL NAME
Personal name Tomasz Imielinski
9 (RLIN) 113887
245 ## - TITLE STATEMENT
Title Mobile Computing /
Statement of responsibility, etc. Tomasz Imielinski & Henry F. Korth
260 ## - PUBLICATION, DISTRIBUTION, ETC.
Place of publication, distribution, etc. London
Name of publisher, distributor, etc. Kluwer Academic Publishers
Date of publication, distribution, etc. 1996.
300 ## - PHYSICAL DESCRIPTION
Extent xxii,728p.
505 ## - FORMATTED CONTENTS NOTE
Formatted contents note Introduction To Mobile Computing (Page-1), The Parctab Ubiquitous Computing Experiment (Page-45), Scalable Support For Transparent Mobile Internetworking (Page-103), Location Management For Networks With Mobile Users (Page-129), Dynamic Source Routing In Ad Hoc Wireless Networks (Page-153), Routing Over Multi-Hop Wireless Network Of Mobile Computers (Page-183), Improving The Performance Of Reliable Transport Protocols In Mobile Computing Environments (Page-207), Indirect Transport Layer Protocols For Mobile Wireless Environment (Page-229), Connecting Mobile Workstations To The Internet Over A Digital Cellular Telephone Network (Page-253), Asynchronous Video (Page-271), Wireless Publishing (Page-299), Broadcasts Disks (Page-331), Application Design For Wireless Computing (Page-363), Mobisaic (Page-375), Providing Location Information In A Ubiquitous Computing Environment (Page-397), Unix For Nomads (Page-425), Scheduling For Reduced CPU Energy (Page-449), Storage Alternative For Mobile Computers (Page-473), Disconnected Operation In The Coda File Sys (Page-507), Mobility Support For Sales And Inventory Applications (Page-571), Strategies For Query Processing In Mobile Computing (Page-595), The Case For Wireless Relay Networks (Page-621), The Diana Approach To Mobile Computing (Page-651), The CMU Mobile Computers And Their Applications For Maintenance (Page-681), Genesis And Advanced Traveler Information Systems (Page-699).
650 ## - SUBJECT ADDED ENTRY--TOPICAL TERM
Topical term or geographic name entry element Mobile Computing
9 (RLIN) 18095
942 ## - ADDED ENTRY ELEMENTS (KOHA)
Source of classification or shelving scheme
Koha item type Book
Call number prefix 621.38456,MOB
Holdings
Withdrawn status Lost status Source of classification or shelving scheme Damaged status Not for loan Permanent Location Current Location Shelving location Date acquired Full call number Barcode Date last seen Price effective from Koha item type Public note
          Military College of Signals (MCS) Military College of Signals (MCS) General Stacks 12/12/2016 621.38456,lMOB MCS5746 12/08/2016 12/12/2016 Book Almirah No.84, Shelf No.3
          Military College of Signals (MCS) Military College of Signals (MCS) General Stacks 12/12/2016 621.38456,MOB MCS5747 12/08/2016 12/12/2016 Book Almirah No.84, Shelf No.3
© 2023 Central Library, National University of Sciences and Technology. All Rights Reserved.